| Tag |
First Indicator |
Second Indicator |
Subfields |
| LEADER |
00000pam a2200000 a 4500 |
| 001 |
in00000083936 |
| 005 |
20151008054343.0 |
| 008 |
810529s1981 nyu b 00110 eng |
| 010 |
|
|
|a 81010034
|
| 020 |
|
|
|a 0876302517
|
| 035 |
|
|
|a (OCoLC)07578012
|
| 035 |
|
|
|9 AAJ0404AM
|
| 039 |
0 |
|
|a 2
|b 3
|c 3
|d 3
|e 3
|
| 040 |
|
|
|a DLC
|c DLC
|d TXA
|d UtOrBLW
|
| 049 |
|
|
|a TXAM
|c [1387266]
|
| 050 |
0 |
0 |
|a BF721
|b .D325
|
| 060 |
|
0 |
|a WS 105 D263b
|
| 082 |
0 |
|
|a 155.4/12
|2 19
|
| 100 |
1 |
|
|a Davis, Madeleine.
|
| 245 |
1 |
0 |
|a Boundary and space :
|b an introduction to the work of D.W. Winnicott /
|c by Madeleine Davis and David Wallbridge.
|
| 264 |
|
1 |
|a New York :
|b Brunner/Mazel,
|c [1981]
|
| 264 |
|
4 |
|c ©1981
|
| 300 |
|
|
|a xiv, 196 pages ;
|c 23 cm.
|
| 336 |
|
|
|a text
|b txt
|2 rdacontent
|
| 337 |
|
|
|a unmediated
|b n
|2 rdamedia
|
| 338 |
|
|
|a volume
|b nc
|2 rdacarrier
|
| 504 |
|
|
|a Includes bibliographical references and index.
|
| 600 |
1 |
0 |
|a Winnicott, D. W.
|q (Donald Woods),
|d 1896-1971.
|
| 650 |
|
0 |
|a Child psychology.
|
| 650 |
|
0 |
|a Child psychopathology.
|
| 650 |
|
2 |
|a Child Development.
|
| 650 |
|
2 |
|a Emotions
|x In infancy and childhood.
|
| 700 |
1 |
|
|a Wallbridge, David.
|
| 999 |
|
|
|a MARS
|
| 999 |
f |
f |
|s 1e16f382-bb7b-330a-aacc-ce4ddb274593
|i eda74ee2-aade-376c-bf0d-3f13cb755c5a
|t 0
|
| 952 |
f |
f |
|p normal
|a Texas A&M University
|b College Station
|c Sterling C. Evans Library
|d Evans: Library Stacks
|t 0
|e BF721 .D325
|h Library of Congress classification
|i unmediated -- volume
|m A14806088184
|
| 998 |
f |
f |
|a BF721 .D325
|t 0
|l Evans: Library Stacks
|